Lengua 9 : carpeta de actividades /

Guardado en:
Autor Principal: Campos, Agustina
Otros Autores: Cano, Fernanda, Hartfiel, Claudia, Silva, María Luisa
Formato: Libro
Publicado: Buenos Aires : Tinta Fresca, 2005
Materias:
Etiquetas: Agregar Etiqueta
Sin Etiquetas, Sea el primero en etiquetar este registro!
LEADER 01333nam a22003375a 4500
001 CEM.cems011935
005 20080229080738.0
008 130507s2005##################000#0#####d
003 CEMS
020 |a 987576048X 
082 0 4 |a 468 
100 1 |a Campos, Agustina 
245 1 0 |a Lengua 9 :  |b carpeta de actividades /  |c Agustina Campos ...[et Al.] 
260 |a Buenos Aires :  |b Tinta Fresca,  |c 2005 
300 |a 112 p. 
500 |a Para 9ºaño Egb. 
505 0 |a Cuentos fantásticos -- Textos explicativos -- No ficción -- Poesía moderna -- Textos de opinión -- Cine -- Textos instructivos y prescriptivos 
653 |a Lengua 
653 |a Lengua-9º egb 
653 |a Lengua-actividades 
653 |a Cuentos 
653 |a Textos 
700 1 |a Cano, Fernanda 
700 1 |a Hartfiel, Claudia 
700 1 |a Silva, María Luisa 
859 |a CEMS  |b BIB. CEMS - 11 de abril  |h 468  |i C394-1  |p 23055.05  |t Ej.1  |v 9º  |3 9º 
859 |a CEMS  |b BIB. CEMS - 11 de abril  |h 468  |i C394-1  |p 23056.05  |t Ej.2  |v 9º  |3 9º 
859 |a CEMS  |b BIB. CEMS - 11 de abril  |h 468  |i C394-1  |p 23057.05  |t Ej.3  |v 9º  |3 9º 
859 |a CEMS  |b BIB. CEMS - 11 de abril  |h 468  |i C394-1  |p 23058.05  |t Ej.4  |v 9º  |3 9º 
859 |a CEMS  |b BIB. CEMS - 11 de abril  |h 468  |i C394-1  |p 23059.05  |t Ej.5  |v 9º  |3 9º 
859 |a CEMS  |b BIB. CEMS - 11 de abril  |h 468  |i C394-1  |p 23190.05  |t Ej.6  |v 9º  |3 9º